00262nam a2200097 a 450008200150000010000270001524500490004226000510009130000080014265000140015000a954.84 SHA aShah, Alison Mackenzie aConstructing a Capital on the Edge of Empire aPennsylvaniabUniversity of Pennsylvaniac2005 a395 aHyderabad